00343nam a2200145Ia 4500003000400000008004100004040001600045082001700061100001700078245003000095260003100125300001000156650001200166650001900178GCL140319s9999 xx 000 0 eng d aGCL / cGCL04a943.081bG B1 aGALL, HOTHAR10aBISMARCK / cGALL, HOTHAR a[S.N] : bFAYARD ، c1984 a849 P04aHISTORY04aGERMAN HISTORY